000 00874nam a2200253Ia 4500
003 OSt
005 20221005113408.0
006 a|||||r|||| 00| 0
007 ta
008 221004b |||||||| |||| 00| 0 pan d
020 _a8178834847 (hbk)
_c140
024 _a5548
037 _b730, 27/06/2013, H.K. Prakashan
_cTextual
040 _aCRL
_cCRL
_bpan
041 _2pan
_apan
082 _aO153,3NBHIx, P8
100 _aਭਿੰਡਰ, ਰਣਜੀਤ ਸਿੰਘ
245 0 _aਸਮਾਂ ਤੇ ਸੁਪਨੇ
260 _aਲੁਧਿਆਣਾ
_bਚੇਤਨਾ ਪ੍ਰਕਾFਨ ਭਾਰਤ
_c2008
300 _a127ਪੰ
_ccm.
650 _aਪੰਜਾਬੀ ਸਾਹਿਤ
942 _hO153,3NBHIx, P8
_cTEXL
_2cc
999 _c1028044
_d1028044